| 000 | 01387cam a2200289 a 4500 | ||
|---|---|---|---|
| 001 | 15822956 | ||
| 005 | 20130303125814.0 | ||
| 008 | 090717s2010 ilua b 001 0 eng | ||
| 010 | _a 2009028890 | ||
| 020 | _a9780838910160 (pbk. : alk. paper) | ||
| 020 | _a0838910165 | ||
| 082 | 0 | 0 |
_a023.9 _222 _bGIE |
| 100 | 1 |
_aGiesecke, Joan. _932782 |
|
| 245 | 1 | 0 |
_aFundamentals of Library Supervision / _cJoan Giesecke and Beth McNeil. |
| 250 | _a2nd ed. | ||
| 260 |
_aChicago : _bAmerican Library Association, _c2010. |
||
| 300 |
_ax, 189 p. : _bill. ; _c23 cm. |
||
| 490 | 1 | _aALA fundamentals series | |
| 504 | _aIncludes bibliographical references and index. | ||
| 505 | 0 | _aToday's workplace -- Becoming a manager -- Communication skills -- Work climate and the art of motivation -- Team work and group dynamics -- Inclusiveness and diversity -- Policies and the legal environment -- Hiring and interviewing -- Orientation and training -- Planning and organizing work -- Managing performance -- Budgeting basics -- Facilities, space, and safety -- Managing meeting -- Managing rewards -- Project management -- Career management. | |
| 650 | 0 |
_aLibrary personnel management _zUnited States. _932783 |
|
| 650 | 0 |
_aSupervision of employees. _932784 |
|
| 653 |
_bGeneral _cMarch2013 |
||
| 700 | 1 |
_aMcNeil, Beth. _932785 |
|
| 830 | 0 |
_aALA fundamentals series. _932786 |
|
| 942 |
_2ddc _cBB |
||
| 999 |
_c17343 _d17315 |
||